French Open Men's Champions - Statistics

General Stats
  • This quiz has been taken 135 times
  • The average score is 29 of 50
Answer Stats
Hint Answer % Correct
2017 Rafael Nadal
100%
2014 Rafael Nadal
100%
2013 Rafael Nadal
100%
2012 Rafael Nadal
100%
2011 Rafael Nadal
100%
2010 Rafael Nadal
100%
2008 Rafael Nadal
100%
2007 Rafael Nadal
100%
2006 Rafael Nadal
100%
2005 Rafael Nadal
100%
2009 Roger Federer
99%
2016 Novak Djokovic
93%
1981 Bjorn Borg
79%
1980 Bjorn Borg
79%
1979 Bjorn Borg
79%
1978 Bjorn Borg
79%
1975 Bjorn Borg
79%
1974 Bjorn Borg
79%
1999 Andre Agassi
78%
1987 Ivan Lendl
63%
1986 Ivan Lendl
63%
1984 Ivan Lendl
63%
1969 Rod Laver
57%
1992 Jim Courier
54%
1991 Jim Courier
54%
1989 Michael Chang
54%
1988 Mats Wilander
52%
1985 Mats Wilander
52%
1982 Mats Wilander
52%
2001 Gustavo Kuerten
50%
2000 Gustavo Kuerten
50%
1997 Gustavo Kuerten
50%
1998 Carlos Moya
43%
1983 Yannick Noah
41%
2003 Juan Carlos Ferrero
39%
1973 Ilie Nastase
38%
2004 Gaston Gaudio
37%
1977 Guillermo Vilas
32%
1995 Thomas Muster
28%
1994 Sergi Bruguera
26%
1993 Sergi Bruguera
26%
2002 Albert Costa
24%
1996 Yevgeny Kafelnikov
23%
1990 Andres Gomez
21%
2015 Stan Wawrinka
21%
1968 Ken Rosewall
15%
1976 Adriano Panatta
14%
1971 Jan Kodes
11%
1970 Jan Kodes
11%
1972 Andres Gimeno
8%
No matching quizzes found
Score Distribution
Percent of People with Each Score
Percentile by Number Answered
Your Score History
You have not taken this quiz